000 00617nam a2200181Ia 4500
008 090711s9999 xx 000 0 und d
082 _b75261
100 _aगार्डनर अर्ल स्टॅनले
245 _aअजब गुंतागुंत
260 _c1995
300 _a211
600 _aगार्डनर अर्ल स्टॅनले
630 _aअजब गुंतागुंत
700 _aगार्डनर अर्ल स्टॅनले
700 _aगुजर अनिल
730 _aअजब गुंतागुंत
942 _cBOOK
999 _c295862
_d295862